000 00559nam a2200181Ia 4500
003 GCL
008 140319s9999 xx 000 0 ara d
040 _aGCL /
_cGCL
082 0 4 _a411.5
_bع ع
100 1 _aعصام نورالدين
245 1 0 _aعلم الاصوات اللغوية /
_cعصام نورالدين
260 _a[S.N] :
_bدار الفكر العربى ،
_c1992
300 _a359 ص
490 _aالسلسلة الالسنية
_v0
650 0 4 _aالاصوات اللغوية
650 0 4 _aاللغة العربية
942 _2ddc
_cBK
999 _c37351
_d37351